01365cpcaa2200337 4500001001300000003000400013005001700017008004100034010003100075040002400106072001200130245004000142300001600182300001800198506002200216520037300238546003600611600002100647600002100668600002000689600001900709650004200728650002300770651005300793651002500846651002900871651002500900700004600925700003900971999001701010mm 79010900 DLC20260227111654.0790726|||||||||||| eng  amm 79010900 bms 66001383  aDLCcDLCdDLCedacs 7aW2lcmd00aAnderson family papers,f1854-1931. a150fitems. a1fcontainer.0 aOpen to research.8 aCorrespondence (1854-1895) of the Anderson and Moler (Mohler) families of Anderson County, Kan., and Ohio, relating to farming and to family matters; correspondence (1915-1931) of Cora W. (Anderson) Du Laney and Homer Eiler concerning the genealogy of the Anderson, Bealmear, Duckett, Moler (Mohler), and other related families of Maryland, Pennsylvania, and Virginia. aCollection material in English.30aAnderson family.30aBealmear family.30aDuckett family.30aMohler family. 0aAgriculturezKansaszAnderson County. 0aAgriculturezOhio. 0aAnderson County (Kan.)xSocial life and customs. 0aMarylandvGenealogy. 0aPennsylvaniavGenealogy. 0aVirginiavGenealogy.1 aDulaney, Cora W.tCora W. Dulaney papers.1 aEiler, Homer.tHomer Eiler papers. c42115d42115